The government of the Australian states / (Record no. 6697)
[ view plain ]
| 000 -LEADER | |
|---|---|
| fixed length control field | 00758cam a2200241u 4500 |
| 001 - CONTROL NUMBER | |
| control field | 6697 |
| 003 - CONTROL NUMBER IDENTIFIER | |
| rucl marc code | BD-RjUL |
| 005 - DATE AND TIME OF LATEST TRANSACTION | |
| control field | 20211208234308.0 |
| 008 - FIXED-LENGTH DATA ELEMENTS--GENERAL INFORMATION | |
| fixed length control field | 140112s1960 enkab 000 0 eng |
| 035 ## - SYSTEM CONTROL NUMBER | |
| System control number | (BD-RjUL)6738 |
| 040 ## - CATALOGING SOURCE | |
| Original cataloging agency | DLC |
| Transcribing agency | CarP |
| Modifying agency | DLC |
| -- | WaU |
| -- | BD-RjUL |
| Language of cataloging | eng |
| 041 ## - LANGUAGE CODE | |
| Language code of text/sound track or separate title | eng |
| 082 04 - DEWEY DECIMAL CLASSIFICATION NUMBER | |
| Edition number | 19 |
| Classification number | 320.994 |
| Author mark and year | DAG 1960 |
| 100 1# - MAIN ENTRY--PERSONAL NAME | |
| Personal name | Davis, S. Rufus |
| Fuller form of name | (Solomon Rufus) |
| 9 (RLIN) | 21049 |
| 245 14 - TITLE STATEMENT | |
| Title | The government of the Australian states / |
| Statement of responsibility, etc. | S. Rufus Davis. |
| 260 ## - PUBLICATION, DISTRIBUTION, ETC. (IMPRINT) | |
| Place of publication, distribution, etc. | London : |
| Name of publisher, distributor, etc. | Longmans, |
| Date of publication, distribution, etc. | 1960. |
| 300 ## - PHYSICAL DESCRIPTION | |
| Pagination | xi, 746 p. : |
| Illustrations | maps (part col.) diagrs., tables. |
| Size | 24 cm. |
| 650 #0 - SUBJECT ADDED ENTRY--TOPICAL TERM | |
| Topical term or geographic name as entry element | State governments |
| Geographic subdivision | Australia. |
| 9 (RLIN) | 21050 |
| Topical term or geographic name as entry element | Australian states |
| General subdivision | Politics and government. |
| 9 (RLIN) | 15080 |
| 942 ## - ADDED ENTRY ELEMENTS (KOHA) | |
| Source of classification or shelving scheme | Dewey Decimal Classification |
| Koha item type | Books |
| Lost status | Source of classification or shelving scheme | Damaged status | Not for loan | Collection code | Permanent Location | Current Location | Shelving location | Date acquired | Source of acquisition | Cost, normal purchase price | Total Checkouts | Full call number | Date last seen | Copy number | Koha item type |
|---|---|---|---|---|---|---|---|---|---|---|---|---|---|---|---|
| Dewey Decimal Classification | Non-fiction | Central Library, University of Rajshahi | Central Library, University of Rajshahi | 06/06/1969 | Zeitlinger | 65.00 | 320.994 DAG 1960 | 12/01/2014 | C-2 | Books | |||||
| Dewey Decimal Classification | Non-fiction | Central Library, University of Rajshahi | Central Library, University of Rajshahi | 14/09/1968 | Zeitlinger | 65.00 | 320.994 DAG 1960 | 11/08/2016 | C-3 | Books |